| 000 | 00941nam a2200241 i 4500 | ||
|---|---|---|---|
| 001 | 115499 | ||
| 003 | ES-MaACL | ||
| 005 | 20250806070427.0 | ||
| 007 | t| | ||
| 008 | 070313s1882 sp ||||1| spa d | ||
| 100 | 1 |
_aMackenzie, Morell. _975252 |
|
| 245 | 1 | 0 |
_aTratado práctico de las enfermedades de la laringe, de la faringe y de la tráquea / _cpor Morell Mackenzie ; traducido por José Ustáriz y Carlos Vicente. |
| 260 |
_aMadrid : _b[s.n.], _c1882 ( _eImp. Enrique Teodoro) |
||
| 300 |
_a559 p. : _bil. ; _c23 cm. |
||
| 490 | 1 | _aBiblioteca económica de medicina y cirujía | |
| 500 | _aCon 53 figuras en el texto. | ||
| 650 | 4 |
_aEnfermedades otorrinolaringológicas. _9144723 |
|
| 700 | 1 |
_aUstáriz y Escribano, José. _9112318 |
|
| 700 | 1 |
_aVicente y Charpentier, Carlos de. _9172565 |
|
| 830 | 0 |
_aBiblioteca económica de medicina y cirujía _9186248 |
|
| 852 |
_aES-MaACL _jB-12712 |
||
| 999 |
_c115499 _d115499 |
||